South Eastern Kenya University

Library Online Public Access Catalogue


Nursing today / (Record no. 11618)

MARC details
000 -LEADER
fixed length control field 02326cam a22003618a 4500
001 - CONTROL NUMBER
control field 5540279
003 - CONTROL NUMBER IDENTIFIER
control field OSt
005 - DATE AND TIME OF LATEST TRANSACTION
control field 20160229135413.0
008 - FIXED-LENGTH DATA ELEMENTS--GENERAL INFORMATION
fixed length control field 051021s2006 paua b 001 0 eng
015 ## - NATIONAL BIBLIOGRAPHY NUMBER
National bibliography number GBA592871
Source bnb
016 7# - NATIONAL BIBLIOGRAPHIC AGENCY CONTROL NUMBER
Record control number 013326630
Source Uk
020 ## - INTERNATIONAL STANDARD BOOK NUMBER
International Standard Book Number 1416023135 (pbk.)
035 ## - SYSTEM CONTROL NUMBER
System control number (OCoLC)ocm62225732
035 ## - SYSTEM CONTROL NUMBER
System control number (NNC)5540279
040 ## - CATALOGING SOURCE
Original cataloging agency UKM
Transcribing agency UKM
Modifying agency OCLCQ
-- NNC-M
-- OrLoB-B
050 ## - LIBRARY OF CONGRESS CALL NUMBER
Classification number RT82
Item number .N874
082 04 - DEWEY DECIMAL CLASSIFICATION NUMBER
Classification number 610.73069
Edition number 22
100 1# - MAIN ENTRY--PERSONAL NAME
Personal name Zerwekh, JoAnn Graham.
245 10 - TITLE STATEMENT
Title Nursing today /
Statement of responsibility, etc. JoAnn Zerwekh and Jo Carol Claborn.
250 ## - EDITION STATEMENT
Edition statement 5th ed.
260 ## - PUBLICATION, DISTRIBUTION, ETC. (IMPRINT)
Place of publication, distribution, etc. Philadelphia, Pa. ;
-- Edinburgh :
Name of publisher, distributor, etc. Elsevier Saunders,
Date of publication, distribution, etc. 2006.
300 ## - PHYSICAL DESCRIPTION
Extent xxix, 653 p. :
Other physical details ill. (some col.) ;
Dimensions 24 cm.
500 ## - GENERAL NOTE
General note Previous ed.: Philadelphia, Pa.; London: W.B. Saunders, 2003.
501 ## - WITH NOTE
With note Includes bibliographical references and index.
505 00 - FORMATTED CONTENTS NOTE
Miscellaneous information 1.
Title Reality shock --
Miscellaneous information 2.
Title Self-care strategies --
Miscellaneous information 3.
Title Employment considerations : opportunities, resumes, and interviewing --
Miscellaneous information 4.
Title Mentoring and preceptorship --
Miscellaneous information 5.
Title NCLEK-RN and the new graduate --
Miscellaneous information 6.
Title Historical perspectives : influences of the past --
Miscellaneous information 7.
Title Nursing education --
Miscellaneous information 8.
Title Nursing theory --
Miscellaneous information 9.
Title Image of nursing : influences of the present --
Miscellaneous information 10.
Title Challenges of nursing management --
Miscellaneous information 11.
Title Effective communication and team building --
Miscellaneous information 12.
Title Conflict management --
Miscellaneous information 13.
Title Time management --
Miscellaneous information 14.
Title Delegation in the clinical setting --
Miscellaneous information 15.
Title The health care organization and patterns of nursing care delivery --
Miscellaneous information 16.
Title Economics of the health care delivery system --
Miscellaneous information 17.
Title Political action in nursing --
Miscellaneous information 18.
Title Collective bargaining : traditional and non-traditional approaches --
Miscellaneous information 19.
Title Ethical issues --
Miscellaneous information 20.
Title Legal issues --
Miscellaneous information 21.
Title Cultural and spiritual awareness --
Miscellaneous information 22.
Title Quality patient care --
Miscellaneous information 23.
Title Nursing informatics --
Miscellaneous information 24.
Title Using nursing research in practice --
Miscellaneous information 25.
Title Workplace issues --
Miscellaneous information App. A.
Title Boards of nursing --
Miscellaneous information App. B.
Title National nursing organizations --
Miscellaneous information App. C.
Title American Nurses Association constituent member associations --
Miscellaneous information App. D.
Title Canadian nursing organizations.
650 #0 - SUBJECT ADDED ENTRY--TOPICAL TERM
Topical term or geographic name as entry element Nursing
General subdivision Vocational guidance.
650 #0 - SUBJECT ADDED ENTRY--TOPICAL TERM
Topical term or geographic name as entry element Nursing
General subdivision Social aspects.
650 12 - SUBJECT ADDED ENTRY--TOPICAL TERM
Topical term or geographic name as entry element Nursing.
650 22 - SUBJECT ADDED ENTRY--TOPICAL TERM
Topical term or geographic name as entry element Vocational Guidance.
700 1# - ADDED ENTRY--PERSONAL NAME
Personal name Claborn, Jo Carol.
900 ## - EQUIVALENCE OR CROSS-REFERENCE-PERSONAL NAME [LOCAL, CANADA]
Numeration TOC
942 ## - ADDED ENTRY ELEMENTS (KOHA)
Source of classification or shelving scheme Library of Congress Classification
Koha item type General circulation
Holdings
Withdrawn status Lost status Source of classification or shelving scheme Damaged status Not for loan Home library Current library Shelving location Date acquired Source of acquisition Total Checkouts Full call number Barcode Date last seen Price effective from Koha item type
    Library of Congress Classification     Wote Campus Library Wote Campus Library General Stacks 29/02/2016 donation- books for Africa   RT82 .N874 2016/011458 29/02/2016 29/02/2016 General circulation
Kitui, Kenya.
+254736116989
library@seku.ac.ke